000 00436nam a2200181Ia 4500
001 25012
005 20260414151121.0
008 260414t2023||||xx |||||||||||||| ||spa||
041 _aESP
082 _a346.1
_bA32
100 _aAgurto Gonzáles, Carlos Antonio,
_eAUT
245 0 _aDerecho de las personas
_b
260 _c2023
300 _a670 páginas :
_c24 cm.
650 _aDER
654 _aCDE
942 _cLIB
_dJUS
_fJUS
_2ddc
_n
999 _c25012
_d25012